A measurement of standing balance in normal children /

Bibliographic Details
Main Author: Madden, Patricia A.
Format: Thesis Microform Book
Language:English
Published: [Place of publication not identified] : [publisher not identified] ; [1979?]
Subjects:

MARC

Tag First Indicator Second Indicator Subfields
LEADER 00000cam a2200000 a 4500
001 in00000086853
005 20151008062810.0
007 he bm| b|||
008 810413r1979 orua bb 00010 eng d
035 |a (OCoLC)07333074 
035 |9 AAK0959AM 
040 |a Univ. of Oregon  |c XBM  |d XBM  |d TXA  |d UtOrBLW 
049 |a TXAI 
082 0 |a 152.1882 
099 |a fiche  |a C  |a 4105 
100 1 |a Madden, Patricia A. 
245 1 2 |a A measurement of standing balance in normal children /  |c by Patricia A. Madden. 
264 1 |a [Place of publication not identified] :  |b [publisher not identified] ;  |c [1979?] 
300 |a vii, 89 leaves :  |b illustrations 
336 |a text  |b txt  |2 rdacontent 
337 |a microform  |b h  |2 rdamedia 
338 |a microfiche  |b he  |2 rdacarrier 
500 |a Title from signature page. 
502 |b M.S.  |c University of Kansas  |d 1979. 
504 |a Bibliography: leaves 72-76. 
533 |a Microfiche.  |b Eugene, Or. :  |c Microform Publications, College of Health, Physical Education and Recreation, University of Oregon,  |d 1981.  |e 2 microfiches : negative, ill ; 11 x 15 cm. 
500 |a Microform. 
650 0 |a Equilibrium (Physiology) 
999 |a MARS 
999 f f |s 835d18f7-1bfe-3ebb-9e8b-e3a6944a473e  |i edfc935f-3e97-3637-93fd-b358f7a37969  |t 0 
952 f f |p normal  |a Texas A&M University  |b College Station  |c Sterling C. Evans Library  |d Evans: Microforms (3rd floor)  |t 0  |e fiche C 4105  |h Other scheme  |i microform -- microfiche  |m A14821766537 
998 f f |a fiche C 4105  |t 0  |l Evans: Microforms (3rd floor)